ბათუმის შოთა რუსთაველის სახელმწიფო უნივერსიტეტის ბიბლიოთეკა

ადამიანი და კონსტიტუცია : (ბიბ.ჩანაწერი № 61525)

000 -LEADER
fixed length control field 00967nam a22001697a 4500
005 - DATE AND TIME OF LATEST TRANSACTION
control field 20240321154522.0
008 - FIXED-LENGTH DATA ELEMENTS--GENERAL INFORMATION
fixed length control field 240321s2002 ge ||||| |||| 00| 0 geo d
022 ## - INTERNATIONAL STANDARD SERIAL NUMBER
International Standard Serial Number 1512-097x
041 ## - LANGUAGE CODE
Language code of text/sound track or separate title geo
245 ## - TITLE STATEMENT
Title ადამიანი და კონსტიტუცია :
Remainder of title საერთაშორისო სამეცნიერო-პრაქტიკული, რეცენზირებადი და რეფერირებადი ჟურნალი /
Statement of responsibility, etc. რედაქტორი ჯონი ხეცურიანი; საქართველოს საკონსტიტუციო სასამართლო.
260 ## - PUBLICATION, DISTRIBUTION, ETC.
Place of publication, distribution, etc. თბილისი,
Date of publication, distribution, etc. 1996-
300 ## - PHYSICAL DESCRIPTION
Extent V.
653 ## - INDEX TERM--UNCONTROLLED
Uncontrolled term ადამიანი და კონსტიტუცია
653 ## - INDEX TERM--UNCONTROLLED
Uncontrolled term პერიოდიკა
700 ## - ADDED ENTRY--PERSONAL NAME
Personal name ხეცურიანი, ჯონი
Relator term რედაქტორი
9 (RLIN) 21526
942 ## - ADDED ENTRY ELEMENTS (KOHA)
Source of classification or shelving scheme
Koha item type პერიოდიკა
ეგზემპლარები
Withdrawn status Lost status Source of classification or shelving scheme Damaged status Not for loan Permanent Location Current Location Shelving location Date acquired Serial Enumeration / chronology Barcode Date last seen Copy number Price effective from Koha item type
          ბათუმის შოთა რუსთაველის სახელმწიფო უნივერსიტეტის მთავარი ბიბლიოთეკა ბათუმის შოთა რუსთაველის სახელმწიფო უნივერსიტეტის მთავარი ბიბლიოთეკა წიგნსაცავი 2024-03-21 # 1 (2002) 81136 2024-03-21 81136 2024-03-21 პერიოდიკა